00656cam a22002291 4500001001300000003000400013005001700017008004100034010001700075035002000092040001700112042001200129050002400141100004500165245001400210260004900224300003200273500006000305650002500365752001900390999001700409he 67001179 DLC20260227111447.0840125s1870 pl 000 0 heb  ahe 67001179  a(OCoLC)19141637 aDLCcMHdDLC apremarc00aBM522.43b.B54 18702 aIbn Migas, Joseph,cha-Levi,d1077-1141.10aTeshuvot. a[Warsaw] :bBi-defus N. Shriftgisser,c1870. a32 leaves :bill. ;c33 cm. aPublished originally under title: Sheʼelot u-teshuvot. 0aResponsay1040-1600. aPolanddWarsaw c32436d32436